| 000 | 00725nam a2200229Ia 4500 | ||
|---|---|---|---|
| 005 | 20250425162457.0 | ||
| 008 | 250425s9999 xx 000 0 und d | ||
| 020 | _a9789978310700 | ||
| 041 | _aspa | ||
| 082 | _a303.483 | ||
| 100 | _aALVARADO DROUET, TERESA | ||
| 245 | 0 | _aCENTROS COMUNITARIOS MOVILES DE APRENDIZAJE/SISTEMA AUTOMATIZADO DE VOTO ELECTRONICO | |
| 250 | _a1A ED. | ||
| 260 |
_aEcuador _bESPOL-CENTRO DIFUSION Y PUBLICACIONES _c2009 |
||
| 260 | _aGUAYAQUIL | ||
| 300 | _a71 | ||
| 500 | _aSERIE SISTEMATIZACION DE LAS EXPERIENCIAS DEL CENTRO DE TECNOLOGIAS DE INFORMACION. CTI - ESPOL | ||
| 650 | _aDESARROLLO HUMANO | ||
| 650 | _aTECNOLOGIA DE LA INFORMACION | ||
| 942 | _c01 | ||
| 010 | _a76677 | ||
| 999 |
_c230058 _d230058 |
||